Historia del pensamiento jurídico.
I tiakina i:
| Kaituhi matua: | |
|---|---|
| Hōputu: | Pukapuka |
| Reo: | Ingarihi |
| I whakaputaina: |
Madrid, España:
Universidad Complutense; Facultad de Derecho; Sección de Publicaciones,
1996-1997.
|
| Putanga: | Octava edición. |
| Ngā marau: | |
| Ngā Tūtohu: |
Tāpirihia he Tūtohu
Kāore He Tūtohu, Me noho koe te mea tuatahi ki te tūtohu i tēnei pūkete!
|
MARC
| LEADER | 00000nam a22000007a 4500 | ||
|---|---|---|---|
| 003 | CL-VaPUC | ||
| 005 | 20220822114612.0 | ||
| 008 | 220713t1996 ||||| |||| 00| 0 eng d | ||
| 999 | |c 436951 |d 436949 | ||
| 020 | |a 84-86926-00-9 (obra completa) | ||
| 020 | |a 84-86926-01-7 (t.I) | ||
| 020 | |a 84-86926-02-5 (t.II) | ||
| 040 | |c Pontificia Universidad Católica de Valparaíso | ||
| 082 | 0 | 4 | |a 340.1 ROD 1996 (t.I) |2 22 |
| 082 | 0 | 4 | |a 340.1 ROD 1997 (t.II) |2 22 |
| 100 | |a Rodríguez Paniagua, José María |e autor |9 256218 | ||
| 245 | 1 | 0 | |a Historia del pensamiento jurídico. |
| 250 | |a Octava edición. | ||
| 260 | |a Madrid, España: |b Universidad Complutense; |b Facultad de Derecho; |b Sección de Publicaciones, |c 1996-1997. | ||
| 300 | |a 2 Tomos. | ||
| 500 | |a c.1 Volumen I: Donación Familia Prof. Alejandro Guzmán Brito. c.1 Volumen II: Donación Familia Prof. Alejandro Guzmán Brito. | ||
| 505 | |a t.I: De Heráclito a la Revolución francesa. t.II: Siglos XIX y XX. | ||
| 583 | |a last modification |c 20121002 09:16:19 |k Yessy Sthefany Diaz Vidal | ||
| 650 | 0 | |a Filosofía del derecho |9 255050 | |
| 650 | 0 | |a Historia del derecho |9 255109 |x Siglos VI a.C y XVIII | |
| 650 | 0 | |a Historia del derecho |9 255109 |y Siglos XIX y XX | |
| 942 | |c BK |2 ddc |n 0 | ||
| 952 | |0 0 |1 0 |2 ddc |4 0 |6 340_100000000000000_ROD_1996 |7 0 |8 C_AGB |9 584685 |a BIBDER |b BIBDER |d 2022-07-13 |e Donación |h t.I |i 5652678 |o 340.1 ROD 1996 |p 5652678 |r 2023-01-25 |t 1 |w 2022-07-13 |y BK_US |k AGB | ||
| 952 | |0 0 |1 0 |2 ddc |4 0 |6 340_100000000000000_ROD_1997 |7 0 |8 C_AGB |9 584901 |a BIBDER |b BIBDER |d 2022-07-18 |e Donación |h t.II |i 5652848 |o 340.1 ROD 1997 |p 5652848 |r 2023-01-25 |t 1 |w 2022-07-18 |y BK_US |k AGB | ||